LEADER 00953cam0-2200325---450- 001 990004078820403321 005 20160215112007.0 035 $a000407882 035 $aFED01000407882 035 $a(Aleph)000407882FED01 035 $a000407882 100 $a19990604d1986----km-y0itay50------ba 101 0 $aita 102 $aIT 105 $a--------001yy 200 1 $aDal picaro al gentiluomo$escrittura e immaginario nel Seicento narrativo$fPaolo Getrevi 210 $aMilano$cAngeli$d1986 215 $a372 p.$d22 cm 225 1 $aCollana di letteratura$v3 610 0 $aNarrativa italiana$aSec. 17. 676 $a853.509$v22$zita 700 1$aGetrevi,$bPaolo$0157511 801 0$aIT$bUNINA$gRICA$2UNIMARC 901 $aBK 912 $a990004078820403321 952 $a853.509 GET 1$bDip.f.m.2221$fFLFBC 952 $a853.509 GET 1BIS$bDip.f.m.2843$fFLFBC 959 $aFLFBC 996 $aDal picaro al gentiluomo$9132593 997 $aUNINA